000 00621nam a2200193 a 4500
005 20210219155745.0
008 070823s1984 mx r 000 0 spa d
035 _aUPN01000151339
049 _aUNE
080 _a37 (09) 1979-84 AÑO.
245 0 0 _a5 Años de educación en la revolución 1979-1984.
260 _aManagua :
_bMinisterio de Educación,
_c1984.
500 _aA 50 Años... Sandino Vive
690 _aEducación - Nicaragua
690 _aHistoria de la Educación - Nicaragua
690 _aNicaragua - Historia de la educación
710 1 _aNicaragua.
_bMinisterio de Educación
905 _aUNESCO
999 _c123477
_d123477